Online
Catalog

El socialismo y el hombre en Cuba / (Record no. 14116)

MARC details
000 -CABECERA
campo de control de longitud fija 00713cam a2200241 a 4500
001 - NÚMERO DE CONTROL
campo de control 000014528
005 - FECHA Y HORA DE LA ÚLTIMA TRANSACCIÓN
campo de control 20260420181238.0
008 - DATOS DE LONGITUD FIJA--INFORMACIÓN GENERAL
campo de control de longitud fija 750822s1971 mx 000 0 spa d
035 ## - NÚMERO DE CONTROL DEL SISTEMA
Número de control de sistema (DLC) 75512095
040 ## - FUENTE DE LA CATALOGACIÓN
Centro catalogador/agencia de origen DO-SdBNP
Lengua de catalogación spa
Centro/agencia transcriptor BNPHU
Centro/agencia modificador DLC
082 ## - NÚMERO DE LA CLASIFICACIÓN DECIMAL DEWEY
Número de clasificación 335.97291
Número de documento/Ítem C514s
049 ## - FONDOS LOCALES (OCLC)
Fondos de biblioteca BNGR
100 1# - ENTRADA PRINCIPAL--NOMBRE DE PERSONA
Nombre de persona Che Guevara, Ernesto,
Fechas asociadas al nombre 1928-1967.
9 (RLIN) 27368
245 13 - MENCIÓN DE TÍTULO
Título El socialismo y el hombre en Cuba /
Mención de responsabilidad, etc. Ernesto Che Guevara.
260 ## - PUBLICACIÓN, DISTRIBUCIÓN, ETC.
Lugar de publicación, distribución, etc. México :
Nombre del editor, distribuidor, etc. Grijalbo,
Fecha de publicación, distribución, etc. 1971.
300 ## - DESCRIPCIÓN FÍSICA
Extensión 160 p. ;
Dimensiones 18 cm.
490 1# - MENCIÓN DE SERIE
Mención de serie 70
Designación de volumen o secuencia 98
650 #4 - PUNTO DE ACCESO ADICIONAL DE MATERIA--TÉRMINO DE MATERIA
Término de materia o nombre geográfico como elemento de entrada Socialismo en cuba
9 (RLIN) 32437
650 #4 - PUNTO DE ACCESO ADICIONAL DE MATERIA--TÉRMINO DE MATERIA
Término de materia o nombre geográfico como elemento de entrada Comunismo
Subdivisión geográfica Cuba
9 (RLIN) 32871
650 #0 - PUNTO DE ACCESO ADICIONAL DE MATERIA--TÉRMINO DE MATERIA
Término de materia o nombre geográfico como elemento de entrada Comunismo y sociedad
9 (RLIN) 32559
830 #0 - PUNTO DE ACCESO ADICIONAL DE SERIE-TÍTULO UNIFORME
Título uniforme 70 ;
Designación de volumen o secuencia 98
9 (RLIN) 32872
910 ## - DATOS DE OPCIÓN DEL USUARIO (OCLC)
Datos de opción del usuario Catalogación derivada
Holdings
Estado de retiro Estado de pérdida Restricciones de uso No para préstamo Código de colección Localización permanente Ubicación/localización actual Ubicación en estantería Fecha de adquisición Número de inventario Total de préstamos Signatura topográfica completa Código de barras Fecha visto por última vez Precio válido a partir de Tipo de ítem Koha
      Excluido de préstamo Monografías: Libros y Folletos General General En catalogación 13.01.2010 LF1   335.97291 C514s 14528-10 25.06.2020 25.06.2020 No se presta

Powered by Koha